000 00298nam a22001337a 4500
008 181101b xxu||||| |||| 00| 0 eng d
020 _a9781886968073
041 _aeng
080 _a159.9
100 _a48
101 _aPSI
245 _aSecondary Traumatic Stress
_cStamm,B,H
942 _2udc
_cBK
999 _c51451
_d51451